Văn kiện Đảng toàn tập; T4 (1932 - 1934)

Сохранить в:
Библиографические подробности
Главный автор: Đảng Cộng sản Việt Nam
Формат:
Язык:Undetermined
Опубликовано: ctqg 2001
Предметы:
Метки: Добавить метку
Нет меток, Требуется 1-ая метка записи!
Thư viện lưu trữ: Trung tâm Học liệu Trường Đại học Cần Thơ
LEADER 00513nam a2200169Ia 4500
001 CTU_54929
008 210402s9999 xx 000 0 und d
082 |a 324.2597075 
082 |b Đ106/T4 
100 |a Đảng Cộng sản Việt Nam 
245 0 |a Văn kiện Đảng toàn tập; T4 (1932 - 1934) 
245 0 |c Đảng Cộng sản Việt Nam 
260 |b ctqg 
260 |c 2001 
650 |a communist parties 
650 |z vietnam 
980 |a Trung tâm Học liệu Trường Đại học Cần Thơ